000 00664nam a2200253Ia 4500
001 35270
005 20240114001808.0
007 ta
008 070316s1356 a g b000 u 346 u
020 _cHB
040 _aCotton College,Assam
041 _a346
082 _a928
_bSa 79 B
100 _aBandopadhya, A.K..
245 0 _aHaraprasad Shastri /
_cBragendranath Bandopadhya.
_hTextual Documents
250 _a1st ed. /
260 _aCalcutta :
_bBangio Sahitya Parishad ,
_c1356.
300 _a74p. :
_bill ;
_c22cm .
653 _aBiography-Writers
653 _aG-Biography
942 _2ddc
_cBK
999 _c35252
_d35252